000 00256nam a22001097a 4500
008 230620b xxu||||| |||| 00| 0 eng d
082 _a323
_bMAC
245 _aAfrica Emergent
260 _aLondon
_bFaber and Faber Limited
300 _a414p
942 _2ddc
_cBK
999 _c1803
_d1803